000 00585nam a22001817i 4500
020 _a9710858025
050 1 4 _aHG 4028
_bC5.F17 1994
100 1 _aFeliciano R. Fajardo
245 _aFinancial institutions
_cFeliciano R. Fajardo, Manuel Manasala
250 _aThird Edition
264 1 _aMandaluyong City:
_bNBS Publishing,
_c1994.
300 _axiii, 376 pages;
_c22 cm.
336 _atext
_btxt
_2rdacontent
337 _aunmediated
_bn
_2rdamedia
338 _avolume
_bnc
_2rdacarrier
650 _a1.Financial institutions--International. I.Manansala, Manuel M. II.Title
942 _cF
999 _c3753
_d3753